Statistics for Famous People from the Middle East

Click here to take the quiz!

General Stats

  • This quiz has been taken 38 times
  • The average score is 14 of 20

Answer Stats

ClueNationPerson% Correct
Founder of ChristianityIsraelJesus
100%
Founder of IslamSaudi ArabiaMohammad
100%
The last pharaoh of Egypt and lover of Julius CaesarEgyptCleopatra
97%
Dictator who invaded Kuwait in 1990IraqSaddam Hussein
95%
Father of the modern TurkeyTurkeyMustafa Kemal Atatürk
89%
Saudi citizen who founded Al-QaedaSaudi ArabiaOsama bin Laden
89%
Young pharaoh whose tomb was discovered in 1922EgyptTutankhamun
86%
Chairman of the PLO from 1969–2004PalestineYasser Arafat
84%
Leader of the 1979 revolutionIranRuhollah Khomeini
78%
Current Prime Minister of IsraelIsraelBenjamin Netanyahu
78%
Israel's first (and to date only) female Prime MinisterIsraelGolda Meir
76%
President who has been eroding democracy since 2014TurkeyRecep Tayyip Erdoğan
76%
Syrian dictator who refuses to give up his powerSyriaBashar al-Assad
76%
Egyptian president who won the Nobel Peace PrizeEgyptAnwar Sadat
68%
Spiritual leader who founded history's first monotheist religionIranZoroaster
49%
Sometimes called the "Egyptian Messi"EgyptMohamed Salah
43%
Babylonian King whose code of laws called for "an eye for an eye"IraqHammurabi
41%
Great king who established the first Persian EmpireIranCyrus the Great
41%
"Magnificent" sultan who ruled the Ottoman Empire for 46 yearsTurkeySuleiman the Magnificent
41%
American-born Queen of JordanJordanQueen Noor
16%

Score Distribution

Percentile by Number Answered

Percent of People with Each Score

Your Score History

You have not taken this quiz